000 00340nam a2200145Ia 4500
999 _c108
_d108
003 OSt
005 20230706114400.0
008 200302s9999 xx 000 0 und d
100 _aFrancis D. K. Ching
245 _aArchitecture Form-Space & Order
260 _bVan Nostrand Reindold Company
260 _c1979
300 _a394
942 _2ddc